Short-term deals preferred (Record no. 117885)

MARC details
000 -LEADER
fixed length control field 01075cam a2200205 4500
001 - CONTROL NUMBER
control field WB@3612-85
008 - FIXED-LENGTH DATA ELEMENTS--GENERAL INFORMATION
fixed length control field 040824n2004 000 0 eng u
035 ## - SYSTEM CONTROL NUMBER
System control number (Sirsi) u127146
245 ## - TITLE STATEMENT
Title Short-term deals preferred
260 ## - PUBLICATION, DISTRIBUTION, ETC.
Date of publication, distribution, etc. 2004
490 ## - SERIES STATEMENT
Series statement Contract Journal
Volume/sequential designation 425 (6489) 18 August 2004 (1)
520 ## - SUMMARY, ETC.
Summary, etc. According to initial details, released in advance of full publication of a survey by the Civil Engineering Contractors' Association, construction clients appear to be cooling in their attitudes towards frameworks. They are looking for shorter agreements and letting additional work out separately as they realise that long-term frameworks may cause many local contractors to fold as they are effectively frozen out of work. Many small and medium-sized contractors have been concerned over losses in work due to lengthy frameworks.
590 ## - LOCAL NOTE (RLIN)
Local note WB
590 ## - LOCAL NOTE (RLIN)
Local note WB
650 ## - SUBJECT ADDED ENTRY--TOPICAL TERM
Topical term or geographic name entry element BUILDING CONTRACTORS
650 ## - SUBJECT ADDED ENTRY--TOPICAL TERM
Topical term or geographic name entry element CONSULTANTS
650 ## - SUBJECT ADDED ENTRY--TOPICAL TERM
Topical term or geographic name entry element FRAMEWORK AGREEMENTS
690 ## - LOCAL SUBJECT ADDED ENTRY--TOPICAL TERM (OCLC, RLIN)
Topical term or geographic name as entry element BUILDING AND CONSTRUCTION-PROCUREMENT, PARTNERING, TENDERING
942 ## - ADDED ENTRY ELEMENTS (KOHA)
Suppress in OPAC 0
Holdings
Withdrawn status Lost status Source of classification or shelving scheme Damaged status Not for loan Home library Current library Shelving location Date acquired Total Checkouts Full call number Barcode Date last seen Copy number Price effective from Koha item type
    Dewey Decimal Classification     London London News article 24/08/2004   WB4033-02 127146-1001 06/08/2019 1 06/08/2019 News article